UBT Library

CLIMATIC HSITORY AND THE FUTURE (Record no. 58862)

000 -LEADER
fixed length control field 00316nam a22001457a 4500
008 - FIXED-LENGTH DATA ELEMENTS--GENERAL INFORMATION
fixed length control field 221111b ||||| |||| 00| 0 eng d
020 ## - INTERNATIONAL STANDARD BOOK NUMBER
International Standard Book Number 0691023875
041 ## - LANGUAGE CODE
Language code of text/sound track or separate title eng
080 ## - UNIVERSAL DECIMAL CLASSIFICATION NUMBER
Universal Decimal Classification number 30
082 ## - DEWEY DECIMAL CLASSIFICATION NUMBER
Classification number 30
100 ## - Rafti
Rafti 28.1
101 ## - Shkurtesa
Shkurtesa HIS
245 ## - TITLE STATEMENT
Title CLIMATIC HSITORY AND THE FUTURE
Statement of responsibility, etc H.H.LAMB
942 ## - ADDED ENTRY ELEMENTS (KOHA)
Source of classification or shelving scheme
Item type Books
Holdings
Withdrawn status Lost status Source of classification or shelving scheme Damaged status Not for loan Collection code Permanent location Current location Date acquired Total Checkouts Full call number Barcode Date last seen Price effective from Koha item type
          Koleksioni i përgjithshem UBT - Lipjan UBT - Lipjan 11/11/2022   30 LAM 002-800028700260619 11/11/2022 11/11/2022 Books
UBT Library © 2015-2024. All rights reserved University Education for Business and Technology